| Tag |
First Indicator |
Second Indicator |
Subfields |
| LEADER |
00000pam a2200000 a 4500 |
| 001 |
in00000075757 |
| 005 |
20151008054841.0 |
| 008 |
811001s1981 ctu b 00110 eng |
| 010 |
|
|
|a 81051611
|
| 020 |
|
|
|a 0874512069 :
|c $20.00
|
| 035 |
|
|
|a (OCoLC)07875133
|
| 035 |
|
|
|9 AAJ1859AM
|
| 039 |
0 |
|
|a 2
|b 3
|c 3
|d 3
|e 3
|
| 040 |
|
|
|a DLC
|c DLC
|d TXA
|d UtOrBLW
|
| 049 |
|
|
|a TXAM
|c [1361475]
|
| 050 |
0 |
0 |
|a PT2621.A26
|b Z7167
|
| 082 |
0 |
|
|a 833/.912
|2 19
|
| 245 |
0 |
0 |
|a Franz Kafka :
|b an anthology of Marxist criticism /
|c edited and translated by Kenneth Hughes.
|
| 264 |
|
1 |
|a Hanover :
|b Published for Clark University Press by University Press of New England,
|c 1981.
|
| 300 |
|
|
|a xxviii, 290 pages ;
|c 24 cm.
|
| 336 |
|
|
|a text
|b txt
|2 rdacontent
|
| 337 |
|
|
|a unmediated
|b n
|2 rdamedia
|
| 338 |
|
|
|a volume
|b nc
|2 rdacarrier
|
| 504 |
|
|
|a Includes bibliographical references and index.
|
| 600 |
1 |
0 |
|a Kafka, Franz,
|d 1883-1924
|x Criticism and interpretation.
|
| 700 |
1 |
|
|a Hughes, Kenneth Robert.
|
| 999 |
|
|
|a MARS
|
| 999 |
f |
f |
|s 2270eaec-0404-368b-8419-64e47fe8e46f
|i abd34900-9a21-3f28-9290-df032dcbc2a8
|t 0
|
| 952 |
f |
f |
|p ric
|a Texas A&M University
|b Rellis Campus
|c Joint Library Facility
|s JLF
|d Remote Storage
|t 0
|e PT2621.A26 Z7167
|h Library of Congress classification
|i unmediated -- volume
|m A14806194820
|
| 998 |
f |
f |
|a PT2621.A26 Z7167
|t 0
|l Remote Storage
|